[Event "HUN-chT 0910"]
[Site "Hungary"]
[Date "2010.05.02"]
[Round "11"]
[White "Sikula, Vaszilij"]
[Black "Izsak, Gyula"]
[Result "0-1"]
[WhiteElo "2528"]
[BlackElo "2444"]
[PlyCount "108"]
[EventDate "2009.11.08"]
[EventType "team-tourn"]
[EventRounds "11"]
[EventCountry "HUN"]
[SourceTitle "EXT 2011"]
[Source "ChessBase"]
[SourceDate "2010.11.26"]
[SourceVersion "1"]
[SourceVersionDate "2010.11.26"]
[SourceQuality "1"]
[WhiteTeam "Kazincbarcika"]
[BlackTeam "MLTC"]
[WhiteTeamCountry "HUN"]
[BlackTeamCountry "HUN"]

1. e4 c5 2. Nf3 e6 3. d4 cxd4 4. Nxd4 a6 5. c4 Qc7 6. a3 Nf6 7. Nc3 b6 8. Be3 Bb7 9. f3 d6 10. Be2 Nbd7 11. Rc1 Be7 12. 0-0 0-0 13. Qd2 Rac8 14. Rfd1 Qb8 15. b4 Bd8 16. Nb3 Bc7 17. Bf4 Ne5 18. Bxe5 dxe5 19. c5 b5 20. a4 bxa4 21. Nxa4 Bc6 22. Nb2 Qb7 23. Na5 Bxa5 24. bxa5 Bb5 25. Bxb5 Qxb5 26. Qc3 h6 27. Rd6 Rc7 28. Rb6 Qd7 29. Rxa6 Rfc8 30. Nd3 Qe7 31. c6 Qd6 32. Nxe5 Nh5 33. g3 f6 34. Nc4 Qc5+ 35. Ne3 Qg5 36. Kf2 f5 37. exf5 exf5 38. Qc4+ Kh8 39. Nd5 Qd2+ 40. Kg1 Rf7 41. Rc2 Qe1+ 42. Kg2 f4 43. g4 Ng3 44. Nxf4 Rxf4 45. Qxf4 Nf1 46. Qc1 Ne3+ 47. Kh3 Nd1 48. Qd2 Qf1+ 49. Kg3 Rf8 50. Qe2 Qg1+ 51. Kh3 Qh1 52. f4 h5 53. g5 Qg1 54. c7 Nf2+ 0-1

[Event "HUN-chT 0910"]
[Site "Hungary"]
[Date "2010.02.28"]
[Round "7"]
[White "Sikula, Vaszilij"]
[Black "Babula, Vlastimil"]
[Result "1/2-1/2"]
[WhiteElo "2528"]
[BlackElo "2569"]
[PlyCount "63"]
[EventDate "2009.11.08"]
[EventType "team-tourn"]
[EventRounds "11"]
[EventCountry "HUN"]
[SourceTitle "EXT 2011"]
[Source "ChessBase"]
[SourceDate "2010.11.26"]
[SourceVersion "1"]
[SourceVersionDate "2010.11.26"]
[SourceQuality "1"]
[WhiteTeam "Kazincbarcika"]
[BlackTeam "Haladas"]
[WhiteTeamCountry "HUN"]
[BlackTeamCountry "HUN"]

1. e4 c5 2. Nf3 d6 3. d4 cxd4 4. Nxd4 Nf6 5. Nc3 a6 6. Be2 e5 7. Nb3 Be7 8. 0-0 Be6 9. Bf3 Nbd7 10. a4 Nb6 11. Re1 Rc8 12. Nd2 Nc4 13. Nxc4 Rxc4 14. Qd3 Qc7 15. Be3 0-0 16. a5 Rc8 17. Qd2 h6 18. Rec1 Qd7 19. Nd5 Bxd5 20. exd5 Qf5 21. c3 Ng4 22. b3 Nxe3 23. fxe3 R4c7 24. Ra4 Qd7 25. Qd3 g6 26. c4 Rb8 27. e4 b5 28. axb6 Rxb6 29. Rf1 Bd8 30. Bd1 Ra7 31. Kh1 Rb8 32. c5 1/2-1/2

[Event "UKR-chT qual. group 2 16th"]
[Site "Alushta"]
[Date "2009.05.24"]
[Round "4"]
[White "Shkuro, Iuri"]
[Black "Sikula, Vaszilij"]
[Result "1/2-1/2"]
[WhiteElo "2546"]
[BlackElo "2548"]
[PlyCount "24"]
[EventDate "2009.05.21"]
[EventType "team-tourn"]
[EventRounds "5"]
[EventCountry "UKR"]
[SourceTitle "EXT 2019"]
[Source "ChessBase"]
[SourceDate "2018.10.10"]
[SourceVersion "1"]
[SourceVersionDate "2018.10.10"]
[SourceQuality "1"]
[WhiteTeam "Rivne Bisons"]
[BlackTeam "Mukachevo City"]
[WhiteTeamCountry "UKR"]
[BlackTeamCountry "UKR"]

1. Nc3 d5 2. e4 dxe4 3. Nxe4 Nd7 4. Nf3 Ngf6 5. Nxf6+ Nxf6 6. d4 e6 7. Bd3 Be7 8. Qe2 0-0 9. Bg5 c5 10. dxc5 Qa5+ 11. c3 Qxc5 12. 0-0 Rd8 1/2-1/2

[Event "SVK-chT 0809"]
[Site "Slovakia"]
[Date "2009.02.15"]
[Round "9"]
[White "Hausner, Ivan"]
[Black "Sikula, Vaszilij"]
[Result "1/2-1/2"]
[WhiteElo "2392"]
[BlackElo "2528"]
[PlyCount "32"]
[EventDate "2008.10.25"]
[EventType "team-tourn"]
[EventRounds "11"]
[EventCountry "SVK"]
[SourceTitle "EXT 2019"]
[Source "ChessBase"]
[SourceDate "2018.10.10"]
[SourceVersion "1"]
[SourceVersionDate "2018.10.10"]
[SourceQuality "1"]
[WhiteTeam "Liptov"]
[BlackTeam "Kosice Slavia"]
[WhiteTeamCountry "SVK"]
[BlackTeamCountry "SVK"]

1. e4 c5 2. Nf3 e6 3. d3 Nc6 4. g3 g6 5. Bg2 Bg7 6. 0-0 Nge7 7. Re1 d6 8. Nbd2 0-0 9. a4 Rb8 10. Nc4 b6 11. e5 dxe5 12. Nfxe5 Nxe5 13. Nxe5 Bb7 14. Bxb7 Rxb7 15. Qf3 Qd5 16. Qxd5 Nxd5 1/2-1/2

[Event "SVK-chT 0809"]
[Site "Slovakia"]
[Date "2009.02.14"]
[Round "8"]
[White "Sikula, Vaszilij"]
[Black "Vajda, Levente"]
[Result "1-0"]
[WhiteElo "2528"]
[BlackElo "2582"]
[PlyCount "81"]
[EventDate "2008.10.25"]
[EventType "team-tourn"]
[EventRounds "11"]
[EventCountry "SVK"]
[SourceTitle "EXT 2019"]
[Source "ChessBase"]
[SourceDate "2018.10.10"]
[SourceVersion "1"]
[SourceVersionDate "2018.10.10"]
[SourceQuality "1"]
[WhiteTeam "Kosice Slavia"]
[BlackTeam "Dunajska Streda"]
[WhiteTeamCountry "SVK"]
[BlackTeamCountry "SVK"]

1. e4 e5 2. Nf3 Nc6 3. Bc4 Bc5 4. c3 Nf6 5. d3 a6 6. Bb3 0-0 7. 0-0 Ba7 8. Nbd2 d6 9. h3 Kh8 10. Re1 Ng8 11. Nf1 f5 12. exf5 Bxf5 13. Ng3 Bg6 14. d4 exd4 15. cxd4 Nf6 16. Be3 Qd7 17. d5 Ne7 18. Bxa7 Rxa7 19. Ng5 c6 20. Ne6 Re8 21. dxc6 bxc6 22. Nf4 d5 23. Qd4 Raa8 24. Re5 Rac8 25. Rae1 c5 26. Qa4 Qb7 27. Bxd5 Nfxd5 28. Rxd5 Rf8 29. Rde5 Ng8 30. Nxg6+ hxg6 31. Qc2 Qf7 32. Ne4 Qxa2 33. Nd6 Rc7 34. Nc4 Rf4 35. R5e4 Rxe4 36. Rxe4 Nf6 37. Re3 Qa1+ 38. Kh2 Rd7 39. Ne5 Rd1 40. Qxg6 Qxb2 41. Rg3 1-0

[Event "SVK-chT 0809"]
[Site "Slovakia"]
[Date "2009.01.17"]
[Round "6"]
[White "Berezjuk, Sergej"]
[Black "Sikula, Vaszilij"]
[Result "1/2-1/2"]
[WhiteElo "2436"]
[BlackElo "2528"]
[PlyCount "30"]
[EventDate "2008.10.25"]
[EventType "team-tourn"]
[EventRounds "11"]
[EventCountry "SVK"]
[SourceTitle "EXT 2019"]
[Source "ChessBase"]
[SourceDate "2018.10.10"]
[SourceVersion "1"]
[SourceVersionDate "2018.10.10"]
[SourceQuality "1"]
[WhiteTeam "Cadca"]
[BlackTeam "Kosice Slavia"]
[WhiteTeamCountry "SVK"]
[BlackTeamCountry "SVK"]

1. d4 f5 2. Nf3 Nf6 3. g3 e6 4. Bg2 d5 5. 0-0 Bd6 6. c4 c6 7. Nc3 0-0 8. Qc2 Ne4 9. Rb1 Qe7 10. a3 Nd7 11. b4 Nxc3 12. Qxc3 b5 13. Bg5 Nf6 14. Ne5 bxc4 15. Nxc6 Qc7 1/2-1/2

[Event "SVK-chT 0809"]
[Site "Slovakia"]
[Date "2009.01.17"]
[Round "5"]
[White "Repkova, Eva"]
[Black "Sikula, Vaszilij"]
[Result "0-1"]
[WhiteElo "2400"]
[BlackElo "2528"]
[PlyCount "120"]
[EventDate "2008.10.25"]
[EventType "team-tourn"]
[EventRounds "11"]
[EventCountry "SVK"]
[SourceTitle "EXT 2019"]
[Source "ChessBase"]
[SourceDate "2018.10.10"]
[SourceVersion "1"]
[SourceVersionDate "2018.10.10"]
[SourceQuality "1"]
[WhiteTeam "Kezmarok"]
[BlackTeam "Kosice Slavia"]
[WhiteTeamCountry "SVK"]
[BlackTeamCountry "SVK"]

1. e4 c5 2. b3 d6 3. Bb2 Nc6 4. f4 Nf6 5. Nc3 a6 6. Nf3 e6 7. e5 dxe5 8. fxe5 Nd7 9. Qe2 Qc7 10. Nd1 Be7 11. Qe4 b6 12. Ne3 Bb7 13. Qf4 f6 14. Qg4 Ndxe5 15. Nxe5 Nxe5 16. Qxe6 Qd6 17. Qxd6 Bxd6 18. Nf5 Bf8 19. 0-0-0 0-0-0 20. Re1 g6 21. Ne3 Bh6 22. Be2 Rhe8 23. Rhf1 f5 24. g3 Re6 25. Bxe5 Rxe5 26. Nc4 Re6 27. Bd3 Rxe1+ 28. Rxe1 b5 29. Nb2 Kd7 30. c4 b4 31. Na4 Kd6 32. Kc2 Bc6 33. Nb6 Bg7 34. Nd5 Be5 35. Re3 a5 36. Nc7 Kxc7 37. Rxe5 Re8 38. Rxe8 Bxe8 39. Be2 Bc6 40. Kd3 Kd6 41. Ke3 Ke5 42. h4 Be4 43. Bf3 Bb1 44. Bc6 Bxa2 45. Ba4 Bb1 46. d3 h6 47. Be8 g5 48. hxg5 hxg5 49. Bc6 Bc2 50. Ba4 Bd1 51. Kd2 Bh5 52. Bc6 Kd4 53. Bg2 f4 54. gxf4 gxf4 55. Be4 Bg4 56. Bg6 Bd7 57. Be4 a4 58. bxa4 Bxa4 59. Bf3 b3 60. Bd1 b2 0-1

[Event "SVK-chT 0809"]
[Site "Slovakia"]
[Date "2008.11.29"]
[Round "3"]
[White "Sikula, Vaszilij"]
[Black "Pinter, Erik"]
[Result "1-0"]
[WhiteElo "2528"]
[BlackElo "2415"]
[PlyCount "111"]
[EventDate "2008.10.25"]
[EventType "team-tourn"]
[EventRounds "11"]
[EventCountry "SVK"]
[SourceTitle "EXT 2019"]
[Source "ChessBase"]
[SourceDate "2018.10.10"]
[SourceVersion "1"]
[SourceVersionDate "2018.10.10"]
[SourceQuality "1"]
[WhiteTeam "Kosice Slavia"]
[BlackTeam "Hlohovec"]
[WhiteTeamCountry "SVK"]
[BlackTeamCountry "SVK"]

1. e4 c5 2. Nf3 d6 3. d4 cxd4 4. Nxd4 Nf6 5. Nc3 g6 6. Be3 Bg7 7. f3 a6 8. Bc4 Nbd7 9. Qd2 b5 10. Bb3 Bb7 11. a4 b4 12. Na2 a5 13. c3 bxc3 14. Nxc3 0-0 15. Ndb5 Ne5 16. 0-0 Qb8 17. Rac1 Rc8 18. Qe2 Nc6 19. Rfd1 Nb4 20. Kh1 Bc6 21. Qf2 Qb7 22. Na7 Rc7 23. Bb6 Rd7 24. Nxc6 Nxc6 25. Nb5 Ra6 26. Be3 Nb4 27. Qe2 d5 28. e5 Ne8 29. f4 e6 30. Rc3 Rc6 31. Rdc1 Rxc3 32. bxc3 Nc6 33. c4 Nb4 34. c5 Nc6 35. Bc2 Nc7 36. Nd6 Qa8 37. Bd3 f6 38. exf6 Bxf6 39. Rb1 Be7 40. Rb6 d4 41. Bb5 Nxb5 42. axb5 Bxd6 43. Rxc6 dxe3 44. cxd6 Qd8 45. Qxe3 Rxd6 46. h3 Kf7 47. Ra6 h5 48. Kh2 Qe8 49. Rxa5 Rd5 50. Ra7+ Kf6 51. b6 Qb8 52. Qc3+ e5 53. Qc6+ Rd6 54. Qc7 Qf8 55. b7 Ke6 56. Qc8+ 1-0

[Event "AUT-chT 0809"]
[Site "Austria"]
[Date "2008.11.09"]
[Round "3.2"]
[White "Knoll, Hermann"]
[Black "Sikula, Vaszilij"]
[Result "1/2-1/2"]
[WhiteElo "2371"]
[BlackElo "2540"]
[PlyCount "100"]
[EventDate "2008.11.07"]
[EventType "team-tourn"]
[EventRounds "11"]
[EventCountry "AUT"]
[SourceTitle "EXT 2009"]
[Source "ChessBase"]
[SourceDate "2008.11.26"]
[SourceVersion "1"]
[SourceVersionDate "2008.11.26"]
[SourceQuality "1"]
[WhiteTeam "Ansfelden"]
[BlackTeam "Raika St Veit/Glan"]
[WhiteTeamCountry "AUT"]
[BlackTeamCountry "AUT"]

1. d4 f5 2. g3 Nf6 3. Bg2 e6 4. Nh3 d5 5. 0-0 Bd6 6. c4 c6 7. Nc3 0-0 8. Bf4 Be7 9. Qb3 Nbd7 10. Rad1 h6 11. cxd5 exd5 12. f3 Kh8 13. Qc2 Nb6 14. b3 Be6 15. Be5 Qe8 16. Nf4 Qf7 17. g4 Nfd7 18. Nxe6 Qxe6 19. gxf5 Qxf5 20. Qxf5 Rxf5 21. Bg3 Bb4 22. Nb1 Rf7 23. e4 Nf6 24. e5 Nh5 25. Bh3 Nf4 26. Bxf4 Rxf4 27. Kg2 Nc8 28. a3 Ba5 29. Rd3 Ne7 30. Rfd1 Raf8 31. b4 Bb6 32. Nc3 g5 33. Ne2 R4f7 34. Be6 Rg7 35. Bg4 Ng6 36. Kg3 Rh7 37. Bh5 Nh4 38. f4 Nf5+ 39. Kh3 Rg7 40. Bg4 Ne7 41. f5 h5 42. f6 hxg4+ 43. Kxg4 Rh7 44. fxe7 Rxe7 45. Rh3+ Rh7 46. Rxh7+ Kxh7 47. Kxg5 Rf2 48. Nf4 Rxh2 49. Kf5 Rf2 50. Rd3 Kg8 1/2-1/2

[Event "Cesenatico op-A"]
[Site "Cesenatico"]
[Date "2008.09.05"]
[Round "7"]
[White "Sikula, Vaszilij"]
[Black "Kanina, Adriatik"]
[Result "1-0"]
[WhiteElo "2540"]
[BlackElo "2128"]
[PlyCount "73"]
[EventDate "2008.08.30"]
[EventType "swiss"]
[EventRounds "9"]
[EventCountry "ITA"]
[SourceTitle "EXT 2010"]
[Source "ChessBase"]
[SourceDate "2010.11.25"]
[SourceVersion "1"]
[SourceVersionDate "2010.11.25"]
[SourceQuality "1"]

1. e4 c5 2. Nf3 g6 3. d4 cxd4 4. Nxd4 Nc6 5. c4 Nf6 6. Nc3 d6 7. Be2 Nxd4 8. Qxd4 Bg7 9. Be3 0-0 10. Qd2 Be6 11. Rc1 Qa5 12. f3 Rfc8 13. b3 a6 14. Na4 Qxd2+ 15. Kxd2 Nd7 16. g4 Rc6 17. Nc3 b5 18. Nd5 Bxd5 19. exd5 Rcc8 20. cxb5 Rxc1 21. Rxc1 axb5 22. Bxb5 Rxa2+ 23. Rc2 Rxc2+ 24. Kxc2 Ne5 25. Be2 e6 26. dxe6 fxe6 27. b4 Nc6 28. b5 Nd4+ 29. Kd1 Nxe2 30. Kxe2 d5 31. f4 Bf8 32. Bd4 Bd6 33. Be5 Bc5 34. Bc7 Bb4 35. b6 Ba5 36. Bd8 Bb4 37. Bf6 1-0

[Event "Saint Affrique op 16th"]
[Site "Saint Affrique"]
[Date "2008.07.25"]
[Round "8"]
[White "Mancini, Mario"]
[Black "Sikula, Vaszilij"]
[Result "0-1"]
[WhiteElo "2268"]
[BlackElo "2540"]
[PlyCount "58"]
[EventDate "2008.07.19"]
[EventType "swiss"]
[EventRounds "9"]
[EventCountry "FRA"]
[SourceTitle "CBM 125 Extra"]
[Source "ChessBase"]
[SourceDate "2008.09.01"]
[SourceVersion "1"]
[SourceVersionDate "2008.09.01"]
[SourceQuality "1"]

1. d4 f5 2. g3 Nf6 3. Bg2 e6 4. c4 c6 5. Nf3 d5 6. 0-0 Bd6 7. b3 Qe7 8. a4 a5 9. Ba3 Bxa3 10. Nxa3 Nbd7 11. Qb1 Ne4 12. Qb2 b6 13. Rac1 Bb7 14. cxd5 exd5 15. Nc2 0-0 16. Nce1 f4 17. Nd3 fxg3 18. hxg3 Rf6 19. Rc2 Rh6 20. Ra1 c5 21. Nde5 Nxe5 22. Nxe5 Rf8 23. e3 Qg5 24. dxc5 Qh5 25. f4 Qh2+ 26. Kf1 Ba6+ 27. Nc4 dxc4 28. bxc4 Nxg3+ 29. Ke1 Qg1+ 0-1

[Event "Saint Affrique op 16th"]
[Site "Saint Affrique"]
[Date "2008.07.23"]
[Round "6"]
[White "Andonov, Bogomil"]
[Black "Sikula, Vaszilij"]
[Result "1/2-1/2"]
[WhiteElo "2326"]
[BlackElo "2540"]
[PlyCount "124"]
[EventDate "2008.07.19"]
[EventType "swiss"]
[EventRounds "9"]
[EventCountry "FRA"]
[SourceTitle "CBM 125 Extra"]
[Source "ChessBase"]
[SourceDate "2008.09.01"]
[SourceVersion "1"]
[SourceVersionDate "2008.09.01"]
[SourceQuality "1"]

1. Nf3 Nf6 2. c4 g6 3. Nc3 Bg7 4. e4 d6 5. d4 0-0 6. h3 e5 7. d5 a5 8. g4 Na6 9. Be3 Nc5 10. Nd2 Ne8 11. h4 f5 12. gxf5 gxf5 13. Bxc5 dxc5 14. Qe2 Nd6 15. Bh3 Qxh4 16. 0-0-0 Qf4 17. Kb1 Rf6 18. exf5 Rh6 19. Nce4 b6 20. Nxd6 cxd6 21. Ne4 Bxf5 22. Bxf5 Qxf5 23. Rxh6 Bxh6 24. Rd3 Rf8 25. a4 Qd7 26. Qh5 Bf4 27. Rh3 Rf7 28. Rb3 Qd8 29. Qg4+ Kf8 30. Qe6 h5 31. Nxd6 Rf6 32. Nb7 Rxe6 33. Nxd8 Rh6 34. Rh3 Ke7 35. Ne6 Kf6 36. Kc2 Kf5 37. f3 h4 38. Kd3 Bg3 39. Ke3 e4 40. Ng7+ Kf6 41. Ne6 exf3 42. Kxf3 Ke5 43. Rh1 Rf6+ 44. Kg4 Rf2 45. Re1+ Kd6 46. b3 Rc2 47. Re3 b5 48. axb5 a4 49. Ng7 axb3 50. Nf5+ Kd7 51. Rxb3 Rxc4+ 52. Kh3 Rb4 53. Ra3 Rxb5 54. Ra7+ Kd8 55. Nxg3 hxg3 56. d6 c4 57. Rc7 Rg5 58. Kg2 Rg4 59. Ra7 Rg6 60. Rc7 Rg4 61. Ra7 Rd4 62. Rc7 Rxd6 1/2-1/2

[Event "Nancy-A"]
[Site "Nancy"]
[Date "2008.02.19"]
[Round "3"]
[White "Sikula, Vaszilij"]
[Black "Roussel Roozmon, Thomas"]
[Result "1/2-1/2"]
[WhiteElo "2550"]
[BlackElo "2442"]
[PlyCount "34"]
[EventDate "2008.02.18"]
[EventType "tourn"]
[EventRounds "9"]
[EventCountry "FRA"]
[EventCategory "12"]
[SourceTitle "CBM 122 Extra"]
[Source "ChessBase"]
[SourceDate "2008.03.04"]
[SourceVersion "1"]
[SourceVersionDate "2008.03.04"]
[SourceQuality "1"]

1. e4 e5 2. Nf3 Nc6 3. Bc4 Bc5 4. c3 Nf6 5. d3 a6 6. Bb3 Ba7 7. 0-0 0-0 8. Nbd2 d6 9. h3 Be6 10. Re1 Bxb3 11. Qxb3 Qd7 12. Nf1 h6 13. Be3 Bxe3 14. Nxe3 Ne7 15. Qc2 Ng6 16. d4 Rfe8 17. dxe5 Qd8 1/2-1/2

[Event "Nancy-A"]
[Site "Nancy"]
[Date "2008.02.18"]
[Round "1"]
[White "Landa, Konstantin"]
[Black "Sikula, Vaszilij"]
[Result "1-0"]
[WhiteElo "2641"]
[BlackElo "2550"]
[PlyCount "75"]
[EventDate "2008.02.18"]
[EventType "tourn"]
[EventRounds "9"]
[EventCountry "FRA"]
[EventCategory "12"]
[SourceTitle "CBM 122 Extra"]
[Source "ChessBase"]
[SourceDate "2008.03.04"]
[SourceVersion "1"]
[SourceVersionDate "2008.03.04"]
[SourceQuality "1"]

1. e4 c5 2. Nf3 e6 3. d4 cxd4 4. Nxd4 Qb6 5. Nc3 Bc5 6. Na4 Qa5+ 7. c3 Bxd4 8. Qxd4 Nf6 9. Nc5 Qc7 10. e5 Nc6 11. Qd6 Qxd6 12. exd6 b6 13. Na6 Bxa6 14. Bxa6 Ne4 15. Bf4 g5 16. Be3 f5 17. Rd1 f4 18. Bc1 0-0 19. f3 Nf6 20. Kf2 h6 21. Rhe1 Rab8 22. a4 Nh5 23. b4 Ng7 24. Re4 Ne8 25. Bb5 Rc8 26. Rc4 Nf6 27. Ba6 Rcd8 28. Bd2 Ne5 29. Rc7 Ne8 30. Rxa7 Nxd6 31. Bxf4 Ne4+ 32. fxe4 Rxf4+ 33. Kg1 Rxe4 34. Rb7 Re3 35. Rxb6 Rxc3 36. Rxe6 Nc6 37. Rxh6 Nxb4 38. Bb5 1-0

[Event "SVK-chT 0708"]
[Site "Slovakia"]
[Date "2008.02.16"]
[Round "8"]
[White "Sikula, Vaszilij"]
[Black "Pinter, Erik"]
[Result "1-0"]
[WhiteElo "2550"]
[BlackElo "2389"]
[PlyCount "131"]
[EventDate "2007.10.20"]
[EventType "team-tourn"]
[EventRounds "11"]
[EventCountry "SVK"]
[SourceTitle "EXT 2019"]
[Source "ChessBase"]
[SourceDate "2018.10.10"]
[SourceVersion "1"]
[SourceVersionDate "2018.10.10"]
[SourceQuality "1"]
[WhiteTeam "Kosice Slavia"]
[BlackTeam "Hlohovec"]
[WhiteTeamCountry "SVK"]
[BlackTeamCountry "SVK"]

1. e4 c5 2. Nf3 d6 3. d4 cxd4 4. Nxd4 Nf6 5. Nc3 g6 6. Be3 Bg7 7. f3 0-0 8. Qd2 Nc6 9. Bc4 Bd7 10. 0-0-0 Rc8 11. Bb3 Ne5 12. Kb1 Nc4 13. Bxc4 Rxc4 14. g4 Qb8 15. h4 Rfc8 16. h5 Rxc3 17. bxc3 Qc7 18. hxg6 fxg6 19. Nb3 Be6 20. Bd4 a5 21. Rh4 a4 22. Nc1 Qa5 23. g5 Nh5 24. f4 Bf7 25. f5 Rc6 26. f6 exf6 27. Rxh5 gxh5 28. gxf6 Bf8 29. Rg1+ Bg6 30. Rg5 Rb6+ 31. Bxb6 Qxb6+ 32. Ka1 Qc6 33. Qd4 Kf7 34. Rd5 Qe8 35. e5 dxe5 36. Rxe5 Qc6 37. Nd3 Qxf6 38. Rb5 Qxd4 39. Rxb7+ Kf6 40. cxd4 h4 41. Ne5 Bd6 42. Rb6 Ke7 43. Rb1 Bf5 44. Re1 Kf6 45. Kb2 h3 46. c4 Bxe5 47. dxe5+ Ke6 48. c5 Kd5 49. Kc3 Kxc5 50. e6 Bg6 51. e7 h2 52. Rh1 Kd6 53. Rxh2 Kxe7 54. Rh4 Be8 55. Rxh7+ Kd6 56. Kb4 Bd7 57. a3 Bc6 58. Rh6+ Kd5 59. Rh2 Bd7 60. Rd2+ Ke6 61. Kc5 Be8 62. Re2+ Kf7 63. Kd6 Bb5 64. Re4 Kf6 65. Rf4+ Kg6 66. Rb4 1-0

[Event "Condom op"]
[Site "Condom"]
[Date "2008.??.??"]
[Round "6"]
[White "Sikula, Vaszilij"]
[Black "Song, Julien"]
[Result "1/2-1/2"]
[WhiteElo "2540"]
[BlackElo "2236"]
[PlyCount "49"]
[EventDate "2008.07.12"]
[EventType "swiss"]
[EventRounds "9"]
[EventCountry "FRA"]
[SourceTitle "EXT 2009"]
[Source "ChessBase"]
[SourceDate "2008.11.26"]
[SourceVersion "1"]
[SourceVersionDate "2008.11.26"]
[SourceQuality "1"]

1. e4 e6 2. d4 d5 3. e5 c5 4. c3 Nc6 5. Nf3 Bd7 6. Be2 Nge7 7. Na3 Ng6 8. h4 cxd4 9. cxd4 Bb4+ 10. Kf1 h6 11. Nc2 Be7 12. Bd3 0-0 13. h5 Nh8 14. Rh3 f5 15. Rg3 Nf7 16. Ng1 Qb6 17. Ne2 Bh4 18. Rh3 Bg5 19. f4 Be7 20. Be3 Nb4 21. Nxb4 Qxb4 22. b3 Rac8 23. g4 fxg4 24. Rg3 Ng5 25. Rxg4 1/2-1/2

[Event "Condom op"]
[Site "Condom"]
[Date "2008.??.??"]
[Round "5"]
[White "Verlinde, Tieme"]
[Black "Sikula, Vaszilij"]
[Result "0-1"]
[WhiteElo "2174"]
[BlackElo "2540"]
[PlyCount "82"]
[EventDate "2008.07.12"]
[EventType "swiss"]
[EventRounds "9"]
[EventCountry "FRA"]
[SourceTitle "EXT 2009"]
[Source "ChessBase"]
[SourceDate "2008.11.26"]
[SourceVersion "1"]
[SourceVersionDate "2008.11.26"]
[SourceQuality "1"]

1. e4 c5 2. Nf3 Nc6 3. d3 g6 4. g3 Bg7 5. Bg2 d6 6. 0-0 e5 7. c3 Nge7 8. a3 0-0 9. b4 h6 10. Be3 b6 11. Nh4 cxb4 12. axb4 d5 13. exd5 Nxd5 14. Bd2 g5 15. b5 Nce7 16. Nf3 a5 17. d4 e4 18. Ne5 f6 19. Nc4 f5 20. Nba3 Be6 21. f3 exf3 22. Qxf3 Rc8 23. Rae1 Rf6 24. Ne5 f4 25. c4 Ne3 26. Bxe3 fxe3 27. Qxe3 Rxf1+ 28. Rxf1 Nf5 29. Rxf5 Bxf5 30. Bd5+ Kh7 31. g4 Bxe5 32. gxf5 Bf6 33. Qe6 Bxd4+ 34. Kf1 Bg7 35. Nc2 Rb8 36. Qg6+ Kh8 37. Ne3 Qf6 38. Qh5 a4 39. Qe2 Re8 40. Kg2 Qxf5 41. Qd2 Qf4 0-1

[Event "AUT-chT2M 0708"]
[Site "Austria"]
[Date "2007.10.14"]
[Round "2.1"]
[White "Kovacevic, Blazimir"]
[Black "Sikula, Vaszilij"]
[Result "1/2-1/2"]
[WhiteElo "2482"]
[BlackElo "2550"]
[PlyCount "34"]
[EventDate "2007.10.13"]
[EventType "team"]
[EventRounds "11"]
[EventCountry "AUT"]
[SourceTitle "EXT 2009"]
[Source "ChessBase"]
[SourceDate "2008.11.26"]
[SourceVersion "1"]
[SourceVersionDate "2008.11.26"]
[SourceQuality "1"]
[WhiteTeam "Trofaiach Niklasdorf"]
[BlackTeam "St Veit/Glan"]
[WhiteTeamCountry "AUT"]
[BlackTeamCountry "AUT"]

1. d4 Nf6 2. c4 g6 3. Nc3 Bg7 4. e4 d6 5. Nf3 0-0 6. Be2 e5 7. 0-0 Nc6 8. d5 Ne7 9. Ne1 Nd7 10. f3 f5 11. g4 Kh8 12. Be3 Ng8 13. Qd2 a5 14. Nd3 b6 15. Kg2 Nc5 16. Nxc5 bxc5 17. Kh1 Bd7 1/2-1/2

[Event "Latschach op 23rd"]
[Site "Latschach"]
[Date "2007.08.18"]
[Round "9"]
[White "Sikula, Vaszilij"]
[Black "Jeric, Simon"]
[Result "1-0"]
[WhiteElo "2554"]
[BlackElo "2304"]
[PlyCount "67"]
[EventDate "2007.08.11"]
[EventType "swiss"]
[EventRounds "9"]
[EventCountry "AUT"]
[SourceTitle "CBM 120 Extra"]
[Source "ChessBase"]
[SourceDate "2007.11.01"]
[SourceVersion "1"]
[SourceVersionDate "2007.11.01"]
[SourceQuality "1"]

1. e4 e5 2. Nf3 Nc6 3. Bc4 Bc5 4. c3 Nf6 5. d3 d6 6. Bb3 a6 7. 0-0 0-0 8. Nbd2 h6 9. Re1 Ba7 10. Nf1 Be6 11. h3 Bxb3 12. Qxb3 Rb8 13. Be3 Bxe3 14. Nxe3 Ne7 15. Qc2 c6 16. d4 Qc7 17. a4 b5 18. c4 exd4 19. Nxd4 bxc4 20. Nxc4 d5 21. exd5 cxd5 22. Ne3 Qb6 23. Qd3 Ng6 24. Nec2 Ne4 25. b4 Rfc8 26. b5 Rc3 27. Qd1 axb5 28. axb5 Qf6 29. Rf1 Nf4 30. Ra6 Qg5 31. Qg4 Nxh3+ 32. gxh3 Nxf2 33. Kxf2 Qd2+ 34. Kg1 1-0

[Event "Latschach op 23rd"]
[Site "Latschach"]
[Date "2007.08.17"]
[Round "8"]
[White "Wegerer, Fred"]
[Black "Sikula, Vaszilij"]
[Result "0-1"]
[WhiteElo "2230"]
[BlackElo "2554"]
[PlyCount "70"]
[EventDate "2007.08.11"]
[EventType "swiss"]
[EventRounds "9"]
[EventCountry "AUT"]
[SourceTitle "CBM 120 Extra"]
[Source "ChessBase"]
[SourceDate "2007.11.01"]
[SourceVersion "1"]
[SourceVersionDate "2007.11.01"]
[SourceQuality "1"]

1. Nf3 f5 2. b3 Nf6 3. Bb2 e6 4. d3 d6 5. Nbd2 Nc6 6. e4 e5 7. h3 Be7 8. exf5 Bxf5 9. g4 Be6 10. c4 Qd7 11. a3 0-0 12. Qe2 Kh8 13. Bg2 Rae8 14. 0-0-0 a6 15. Ng5 Bg8 16. Nge4 d5 17. Nxf6 Bxf6 18. Bxd5 Bxd5 19. cxd5 Nd4 20. Bxd4 exd4 21. Ne4 Qxd5 22. Kb2 Be7 23. Qd2 a5 24. Qc2 b5 25. f4 a4 26. f5 c5 27. f6 gxf6 28. Rhf1 axb3 29. Qxb3 c4 30. Qc2 Bxa3+ 31. Kb1 Rxe4 32. dxe4 Qc5 33. Qd2 c3 34. Qe2 Qb4+ 35. Kc2 Qa4+ 0-1

[Event "Latschach op 23rd"]
[Site "Latschach"]
[Date "2007.08.12"]
[Round "2"]
[White "Seifert, Norbert"]
[Black "Sikula, Vaszilij"]
[Result "0-1"]
[WhiteElo "2112"]
[BlackElo "2554"]
[PlyCount "56"]
[EventDate "2007.08.11"]
[EventType "swiss"]
[EventRounds "9"]
[EventCountry "AUT"]
[SourceTitle "CBM 120 Extra"]
[Source "ChessBase"]
[SourceDate "2007.11.01"]
[SourceVersion "1"]
[SourceVersionDate "2007.11.01"]
[SourceQuality "1"]

1. d4 f5 2. Nf3 Nf6 3. c3 e6 4. Bg5 d5 5. Nbd2 Bd6 6. Ne5 0-0 7. Ndf3 c5 8. Bxf6 gxf6 9. Nd3 c4 10. Nc1 Nc6 11. e3 b5 12. b3 Qa5 13. Qc2 Bd7 14. g3 cxb3 15. Qxb3 Rfc8 16. Bg2 Nxd4 17. Nxd4 Rxc3 18. 0-0 Rxb3 19. Ncxb3 Qb6 20. Nxf5 Ba3 21. Rad1 Rc8 22. Nfd4 a5 23. Rb1 Kg7 24. Bh3 Kf7 25. Nd2 Rc7 26. Rb3 Bd6 27. Nxb5 Bxb5 28. Rfb1 Bb4 0-1